00887 a2200217 4500003000500000005001700005010001600022020001500038040000900053082001000062100001900072245005200091260005300143300003200196505027200228650002500500651001100525942001200536999001900548952010200567Nust20170207154019.0 a 94048519 a0134335589 cNust00a005.11 aParberry, Ian.10aProblems on algorithms -(E-BOOK)cIan Parberry. aEnglewood Cliffs, N.J. :bPrentice Hall,cc1995. ax, 179 p. :bill. ;c24 cm. aIntroduction (Page-1), Mathematical Induction (Page-8), Recurrence Relations (Page-37), Correctness Proofs (Page-46), Algorithm Analysis (Page-59), Divide And Conquer (Page-67), Dynamic Programming (Page-87), Greedy Algorithms (Page-101), Data Structures (Page-135).  0aComputer algorithms. aE-BOOK 2ddccBK c191606d191606 00102ddc40708NFICaMCSbMCSd2016-12-12l0o005.1 PARpMCSEB-865r2016-12-08w2016-12-12yBK